[Event "21st Alekhine FIDE 2017"]
[Site "Voronezh"]
[Date "2017.06.16"]
[Round "5"]
[White "Peschansky, Mikhail"]
[Black "Novikov, Sergey D"]
[Result "1-0"]
[WhiteElo "2162"]
[BlackElo "2061"]
[Annotator "TA"]
[PlyCount "147"]
[EventDate "2017.??.??"]
[EventType "swiss"]
[EventCountry "RUS"]
[SourceTitle "playchess.com"]
[Source "ChessBase"]
[SourceQuality "1"]

{[%evp 18,147,12,14,31,42,30,30,47,29,64,0,3,8,235,230,211,213,235,291,285,212,135,122,206,200,331,343,338,332,331,333,354,355,347,344,359,343,354,208,212,213,214,249,241,250,244,249,233,243,249,249,249,249,232,179,180,186,220,197,210,211,210,206,241,246,239,235,237,218,237,231,228,238,233,231,218,186,253,253,253,253,253,253,253,253,253,253,253,253,253,253,253,253,253,253,253,253,253,245,253,245,245,245,245,245,245,0,238,0,230,197,197,197,190,187,180,172,270,152,152,0,247,254,280,280,280,272,270,251,261,228]} 1. c4 Nf6 2. Nf3 c6 3. b3 d5 4. Bb2 e6 5. g3 Be7 6. Bg2 b6 7. O-O Bb7 8. d3 {[%cal Bd2d3,Bd3d4][%mdl 32]} Nbd7 9. Nbd2 O-O 10. e4 Qc7 {A14: English Opening: 1...e6 with b3 by White} (10... a5 11. Qc2 a4 12. Rfe1 Qb8 13. Rad1 Rc8 14. Bc3 axb3 15. axb3 Bf8 16. Ra1 c5 17. Rxa8 Bxa8 18. cxd5 exd5 {½-½ (76) Barlov,D (2424)-Alvarado Diaz,A (2419) Las Palmas 2016}) 11. e5 Ng4 {[%cal Rg4e5]} 12. d4 $146 ({Predecessor:} 12. Qe2 c5 13. Rfe1 Rfd8 14. Nf1 Nh6 15. Bc1 Nf5 16. g4 Nh4 17. Nxh4 Bxh4 18. cxd5 Bxd5 19. Bxd5 exd5 {½-½ (52) Vrhovnik,D (2045)-Orehek,S (1870) Rijeka 2009}) 12... c5 {White has an edge.} 13. Rc1 Rfd8 14. cxd5 (14. Ne1 $14 Nh6 15. cxd5 exd5 16. f4) 14... Bxd5 $11 15. dxc5 Qb7 $2 {[#]} (15... bxc5 $11 16. Re1 Nh6) 16. c6 $1 $18 {[%cal Rc6b7][%mdl 512]} Bxc6 {[#]} 17. Rxc6 $1 {[%mdl 512]} Qxc6 18. Nd4 Qc5 19. Bxa8 Ndxe5 20. Bg2 {Threatens to win with Ne4.} Nxf2 (20... Rxd4 $16 21. Bxd4 Qxd4) 21. Rxf2 Nd3 (21... Rxd4 {was called for.} 22. Qe2 (22. Bxd4 Qxd4 23. Qe2 Bc5 $16) 22... Nd3) 22. Qf3 $1 {[%csl LRd3,LRf7]} Nxf2 23. Qxf2 ({And not} 23. Kxf2 Bf6 $17) 23... Bf6 {[%cal Rf6d4]} 24. N2f3 a6 25. Bf1 b5 26. a3 Qb6 27. Qe3 Rd5 28. Nc2 (28. Be2 $142) 28... Qxe3+ 29. Nxe3 Bxb2 30. Nxd5 exd5 31. a4 bxa4 32. bxa4 a5 33. Kf2 Kf8 34. Ke3 Ke7 35. Nd4 Kd6 36. Kd3 Kc5 37. Nf3 f6 38. Kc2 Be5 39. Bb5 Bc7 40. Kd3 Be5 41. Nh4 g6 42. Nf3 Bb2 43. Nd2 Kb4 44. Be8 Be5 45. Nf1 Kc5 46. Ne3 f5 47. Nf1 f4 {[#]} (47... Bc7 $142 48. Nd2 f4 49. gxf4 Bxf4) 48. g4 $1 g5 49. Nd2 Bf6 50. Bb5 Kb4 51. Bc6 Kc5 52. Be8 Kb4 53. Nf3 Kc5 54. Ne1 Be5 55. h3 Bf6 56. Nc2 Bb2 57. Bb5 Bf6 58. Bd7 Bb2 59. Be8 Bg7 60. Bf7 Bb2 61. Be6 Bf6 62. Bd7 Bb2 $1 63. Bb5 Bf6 $1 64. Ke2 Bb2 65. Ne1 Bf6 66. Kf3 Kd4 67. Nd3 Be7 (67... Bd8 $142 68. h4 h6) 68. Nc1 (68. h4 $1 $18) 68... Bb4 $16 69. Nd3 (69. Ke2 $16) 69... Be7 $1 $18 70. h4 $1 {[%cal Bh3h4,Bh4h5][%mdl 32]} h6 {White has a decisive advantage.} 71. h5 Bf6 72. Nc1 Kc5 73. Ke2 Bg7 74. Kd3 {Precision: White = 75%, Black = 61%.} 1-0

[Event "21st Alekhine FIDE 2017"]
[Site "Voronezh"]
[Date "2017.06.16"]
[Round "5"]
[White "Palkovich, Denis"]
[Black "Pavlova, Natalia"]
[Result "1-0"]
[WhiteElo "2147"]
[BlackElo "1954"]
[Annotator "TA"]
[PlyCount "129"]
[EventDate "2017.??.??"]
[EventType "swiss"]
[EventCountry "RUS"]
[SourceTitle "playchess.com"]
[Source "ChessBase"]
[SourceQuality "1"]

{[%evp 9,129,18,47,46,45,41,43,29,31,41,48,11,15,6,5,-19,0,0,-5,-4,-8,-30,-18,-74,-38,-41,-38,-42,-38,-30,-24,-37,-37,-63,-59,-62,-62,-62,-65,-66,-50,-58,-58,-63,-26,-71,-71,-74,-71,-64,-57,-72,-13,-56,-66,-73,-7,-99,-99,-135,-110,-104,218,218,397,241,331,218,218,218,218,218,218,218,218,218,218,218,218,218,218,218,218,218,218,218,218,218,218,218,218,0,218,0,218,0,218,218,218,218,505,213,204,201,1096,1096,513,320,29976,29977,29977,29978,29978,29979,29977,29980,29980,29981,29982,29982,29988,29989]} 1. d4 Nf6 2. c4 c5 3. d5 b5 4. cxb5 a6 5. bxa6 g6 6. Nc3 {A58: Benko/Volga Gambit: Lines with 5 bxa6} Bg7 (6... Bxa6 7. Nf3 Bg7 8. e4 Bxf1 9. Kxf1 d6 10. g3 O-O 11. Kg2 Na6 12. Qe2 Qb6 13. Rd1 Qb7 14. Rb1 Nd7 15. Bg5 Rfe8 16. a3 Nc7 17. Qc2 Nb6 18. a4 Rac8 19. b3 e6 20. dxe6 Nxe6 {1-0 (27) Jakovenko,D (2714)-Zvjaginsev,V (2673) Moscow 2016}) 7. e4 {Black must now prevent e5.} O-O 8. Nf3 {White is slightly better.} Qa5 9. Bd2 Bxa6 10. Bxa6 Qxa6 11. Qe2 e6 12. Qxa6 Nxa6 13. O-O Rfb8 14. Rab1 $146 exd5 15. exd5 (15. e5 {is interesting.} Ne4 16. Nxd5 Nxd2 17. Nxd2 Bxe5 18. Nc4) 15... Nb4 16. Be3 (16. d6 $11 {keeps the balance.}) 16... Nbxd5 17. Bxc5 Nxc3 18. bxc3 Rxb1 19. Rxb1 Ne4 20. Be3 Bxc3 21. g3 Rxa2 22. Rb8+ Kg7 23. Rc8 Bf6 24. Rc7 Ra1+ 25. Kg2 Rd1 26. h4 h6 27. Nh2 h5 28. Nf3 Kf8 29. Rc4 d5 30. Rb4 Kg7 ({Better is} 30... Bc3 $17 31. Ra4 Ke7) 31. Kh2 Bc3 32. Rb7 d4 (32... Kf8 $17 {next ...d4 is good for Black.} 33. Kg2 f6) 33. Bf4 (33. Rd7 $11) 33... d3 $17 {And now ...d2 would win.} 34. Rd7 Nxf2 {aiming for ...Ne4.} 35. Ng5 Rh1+ $2 {[%mdl 8192]} (35... Re1 $17 {and life is bright.} 36. Kg2 Ng4 37. Rxd3 Bf6) 36. Kg2 $18 Bb4 $2 (36... d2) 37. Kxf2 d2 38. Bxd2 Rh2+ 39. Ke3 Bxd2+ 40. Rxd2 {[%mdl 4096] Endgame KRN-KR} Rh1 41. Rd7 Rf1 42. Ke4 Kg8 43. Rd3 Ra1 44. Rd8+ Kg7 45. Rd7 Rf1 46. Nf3 Ra1 47. Ke3 Ra3+ 48. Kf2 Ra2+ 49. Kg1 Ra3 50. Kf2 Ra2+ $1 51. Ke3 Ra3+ 52. Ke4 $2 (52. Kf4 $18) 52... Ra4+ $2 (52... Ra1 $1 $11 {and Black has nothing to worry.} 53. Ng5 Rf1) 53. Ke5 Ra5+ 54. Kd6 Ra6+ $2 (54... Kf8 55. Ne5 Ra6+ 56. Kc5 Rf6) 55. Kc7 (55. Ke7 $142) 55... Ra3 56. Ng5 $1 Rxg3 $2 (56... Kg8 57. Ne4 Re3) 57. Rxf7+ Kg8 58. Rf4 Rg4 $2 {[#]} (58... Rd3 $18 59. Kc6 Ra3) 59. Rxg4 $1 {White mates.} hxg4 {KN-KPP} 60. Ne4 Kf7 61. Kd6 g3 62. Nxg3 Kf6 {[#]} 63. Kd5 $1 {[%cal Rd5d6]} g5 64. Ne4+ Kf5 65. hxg5 {Precision: White = 53%, Black = 49%.} 1-0

[Event "21st Alekhine FIDE 2017"]
[Site "Voronezh"]
[Date "2017.06.16"]
[Round "5"]
[White "Kazmin, Semen"]
[Black "Piskov, Vladimir A"]
[Result "1/2-1/2"]
[WhiteElo "2086"]
[BlackElo "1909"]
[Annotator "NA RC"]
[PlyCount "133"]
[EventDate "2017.??.??"]
[EventType "swiss"]
[EventCountry "RUS"]
[SourceTitle "playchess.com"]
[Source "ChessBase"]
[SourceQuality "1"]
[TimeControl "40/5400+30:1800+30"]

{[%evp 9,133,47,50,29,62,54,74,109,101,97,79,32767,86,32767,254,28,23,0,29,3,29,21,33,0,46,-62,-60,-62,-62,-56,-58,-75,-25,-60,0,26,12,28,24,0,0,-100,-80,-89,-75,-96,-75,-96,-112,-106,-99,-100,0,32767,32767,32767,0,32767,32767,32767,0,32767,74,12,18,11,2,0,0,15,3,0,0,0,0,2,0,0,0,0,0,0,0,0,0,0,0,0,0,0,0,0,491,0,21,35,742,0,0,0,12838,0,0,0,0,0,0,0,12836,782,704,0,1,1,4134,0,0,32767,32767,32767,32767,0,0,0,0,0]} 1. e4 {[%emt 0:00:00]} g6 {[%emt 0:00:03]} 2. d4 {[%emt 0:00:00]} Bg7 {[%emt 0:00:05]} 3. Nc3 {[%emt 0:00:00]} c6 {[%emt 0:00:24]} 4. f4 {[%emt 0:00:03]} d5 {[%emt 0:00:13]} 5. e5 {[%emt 0:00:18]} Nh6 {[%emt 0:00:20]} 6. Nf3 {[%emt 0:00:19]} Bg4 {[%emt 0:00:35]} 7. Be3 {[%emt 0:00:15] LiveBook: 77 Games} (7. h3 $5 {[%cal Rh3g4]} Bxf3 8. Qxf3 $14) 7... O-O {[%emt 0:00:25]} 8. h3 {[%emt 0:00:49]} Bxf3 {[%emt 0:00:10]} 9. Qxf3 {[%emt 0:00:03]} f6 {[%emt 0:00:28]} 10. exf6 {[%emt 0:01:39] B15: Caro-Kann: 3 Nc3: 3...g6 and 3...dxe4 4 Nxe4 Nf6 5 Nxf6+ exf6} (10. Qe2 fxe5 11. dxe5 e6 12. O-O-O Nd7 13. h4 c5 14. Nb5 Nf5 15. Bf2 a6 16. Nc3 b5 17. g3 Qc7 {1-0 (51) Hracek,Z (2612)-Hamitevici,V (2487) Minsk 2017}) 10... Bxf6 {[%emt 0:00:24]} 11. O-O-O {[%emt 0:00:55]} e5 {[%emt 0:04:05]} (11... Qd6 $16) 12. fxe5 $2 {[%emt 0:02:52]} (12. dxe5 $18 Bxe5 13. Nxd5 cxd5 14. Rxd5) 12... Bxe5 {[%emt 0:00:38]} 13. Qe2 {[%emt 0:01:00]} Bg7 {[%emt 0:00:34]} 14. g4 {[%emt 0:00:37]} Nd7 {[%emt 0:02:28]} 15. Qd2 $146 {[%emt 0:03:38]} ({Predecessor:} 15. Kb1 b5 16. Bxh6 Bxh6 17. Qe6+ Kh8 18. Qxc6 {1-0 (42) Caderon,M (1999)-Lebret,L (1690) Lille 2015}) 15... Nf7 {[%emt 0:01:01]} 16. Bd3 {[%emt 0:01:32]} Qb6 {[%emt 0:02:57]} 17. Ne2 {[%emt 0:03:27] [#]} (17. Na4 $14 Qc7 18. h4) 17... Nc5 $1 {[%emt 0:12:19]} 18. Rde1 {[%emt 0:15:17]} Nxd3+ {[%emt 0:03:35]} 19. cxd3 {[%emt 0:00:33]} Rae8 {[%emt 0:02:35]} 20. h4 {[%emt 0:02:35]} Nd6 {[%emt 0:01:21]} (20... c5 $5 21. dxc5 Qc6 $17) 21. h5 {[%emt 0:06:12]} Nb5 {[%emt 0:18:48]} ({Black should play} 21... Rf3 $15 22. Bg5 Qa6 23. hxg6 hxg6) 22. hxg6 {[%emt 0:01:32]} hxg6 {[%emt 0:01:37]} 23. Bh6 {[%emt 0:04:18]} Qc7 {[%emt 0:00:17]} ({But not} 23... Nxd4 $2 24. Bxg7 Qc5+ 25. Nc3 $18) 24. Rh3 {[%emt 0:06:23]} (24. Qg5 $11) 24... Rf2 {[%emt 0:04:08]} 25. Be3 {[%emt 0:15:26]} (25. Re3 $11 Rc8 26. Bxg7 Qxg7 27. Re5) 25... Rg2 {[%emt 0:02:51]} 26. a4 {[%emt 0:12:48]} Nd6 {[%emt 0:07:42]} 27. Bf4 {[%emt 0:02:52]} c5 {[%emt 0:04:07]} 28. Rh2 {[%emt 0:06:49]} cxd4+ {[%emt 0:01:06]} 29. Kb1 {[%emt 0:00:05] [#]} Rxh2 $1 {[%emt 0:01:25]} 30. Bxh2 {[%emt 0:00:02]} Qe7 {[%emt 0:00:51]} ({Black should try} 30... Ne4 $17 31. Bxc7 Nxd2+ 32. Kc1 Nf3) 31. Bg3 {[%emt 0:01:16]} Qf6 {[%emt 0:03:54]} 32. Nf4 {[%emt 0:06:02]} Qg5 {[%emt 0:07:02]} 33. Rxe8+ {[%emt 0:01:25]} Nxe8 {[%emt 0:00:05]} 34. Qe1 {[%emt 0:01:50]} Nc7 {[%emt 0:03:03]} 35. Qe2 {[%emt 0:01:43]} Kf7 {[%emt 0:04:43] [#]} (35... Qe5 $11) 36. Nh3 {[%emt 0:00:41]} (36. Nxg6 $1 $16 Qxg6 37. Bxc7) 36... Qd8 {[%emt 0:02:35]} 37. Bxc7 {[%emt 0:01:46]} Qxc7 {[%emt 0:00:02]} 38. Ng5+ {[%emt 0:00:32]} Kf6 {[%emt 0:01:26]} 39. Nh7+ {[%emt 0:00:58]} Kf7 {[%emt 0:00:02]} 40. Qf3+ {[%emt 0:00:43]} Kg8 {[%emt 0:33:26]} 41. Nf6+ {[%emt 0:30:14]} Bxf6 $1 {[%emt 0:03:29]} 42. Qxf6 {[%emt 0:00:02]} Qf7 {[%emt 0:01:33]} 43. Qxd4 {[%emt 0:00:17]} b6 {[%emt 0:00:01]} 44. Ka2 {[%emt 0:00:49]} Qe6 {[%emt 0:01:11]} 45. Qf4 {[%emt 0:00:48]} Kg7 {[%emt 0:00:57]} 46. d4 {[%emt 0:00:50]} Qf6 {[%emt 0:01:08]} 47. Qc7+ {[%emt 0:00:11]} Kh6 {[%emt 0:00:10]} 48. Qc1+ {[%emt 0:00:39]} Kg7 {[%emt 0:00:54]} 49. Qe3 {[%emt 0:00:18]} Kf7 {[%emt 0:00:33]} 50. Kb3 {[%emt 0:00:42]} Qe6 $2 {[%emt 0:00:39] [#]} (50... Qf1 $11) 51. Qf4+ {[%emt 0:00:15]} (51. Qxe6+ $1 $18 Kxe6 52. Kb4) 51... Qf6 {[%emt 0:00:51]} 52. Qc7+ {[%emt 0:00:29]} Qe7 $2 {[%emt 0:00:01] [#]} (52... Kg8 $14) 53. Qf4+ $2 {[%emt 0:00:41]} ({White has to play} 53. Qxe7+ $1 $18 Kxe7 54. Kb4) 53... Qf6 {[%emt 0:00:22]} 54. Qe3 {[%emt 0:00:29]} Qe6 {[%emt 0:00:29] [#]} 55. Qf3+ $2 {[%emt 0:00:28]} Ke7 {[%emt 0:00:30]} 56. Qg3 {[%emt 0:00:58]} Kd7 {[%emt 0:00:28]} 57. Qf4 {[%emt 0:00:29]} Kc6 {[%emt 0:00:40]} 58. Ka3 {[%emt 0:00:26]} Qd6+ $2 {[%emt 0:01:04]} (58... a5 $11 59. Qf3 g5) 59. Qxd6+ {[%emt 0:00:13]} Kxd6 {[%emt 0:00:01] [#]} 60. Kb4 $2 {[%emt 0:00:29]} (60. a5 $1 $18 {[%cal Ra5b6][%mdl 512]} Ke7 (60... bxa5 61. Ka4) 61. Ka4) 60... Kc6 {[%emt 0:00:59]} 61. a5 {[%emt 0:00:43]} b5 $2 {[%emt 0:00:33]} (61... g5 $11) 62. Kc3 $2 {[%emt 0:00:25]} (62. a6 $18 Kb6 63. g5) 62... a6 {[%emt 0:00:25]} 63. b4 {[%emt 0:00:26]} Kd6 {[%emt 0:00:02]} 64. Kd3 {[%emt 0:00:06]} Ke6 {[%emt 0:00:48]} 65. Ke3 {[%emt 0:00:01]} Kf6 {[%emt 0:00:15]} 66. Kf4 $11 {[%emt 0:00:11]} g5+ {[%emt 0:00:23]} 67. Ke3 {[%emt 0:00:05]} 1/2-1/2

[Event "21st Alekhine FIDE 2017"]
[Site "Voronezh"]
[Date "2017.06.16"]
[Round "5"]
[White "Kozlov, Sergej A"]
[Black "Khajrutdinov, Ildar"]
[Result "1-0"]
[WhiteElo "2072"]
[BlackElo "2087"]
[Annotator "NA"]
[PlyCount "108"]
[EventDate "2017.??.??"]
[EventType "swiss"]
[EventCountry "RUS"]
[SourceTitle "playchess.com"]
[Source "ChessBase"]
[SourceQuality "1"]
[TimeControl "40/5400+30:1800+30"]

{[%evp 8,108,15,21,25,2,7,20,13,-12,14,-23,-2,-10,6,0,8,-6,0,0,12,-10,20,8,7,3,35,8,42,4,16,-16,-16,-19,-3,-10,-6,-39,-1,-42,-66,-158,-110,-120,-108,-199,-190,-194,-163,-155,-123,-134,-137,-134,-138,32767,-106,-157,-138,-236,32767,32767,-139,-158,-143,32767,-172,-227,-126,-156,-113,-129,-94,-102,-98,-116,-89,-199,-83,-89,-63,-51,-32,-87,20,0,6,0,0,0,7,0,0,0,0,0,0,32767,32767,32767,32767,0,0]} 1. d4 {[%emt 0:00:26]} Nf6 {[%emt 0:00:12]} 2. c4 {[%emt 0:00:10]} e6 {[%emt 0:00:07]} 3. Nf3 {[%emt 0:00:05]} b6 {[%emt 0:00:07]} 4. g3 {[%emt 0:01:09]} Ba6 {[%emt 0:00:41]} 5. Qa4 {[%emt 0:01:55]} Bb7 {[%emt 0:06:29]} 6. Bg2 {[%emt 0:01:16]} c5 {[%emt 0:01:17]} 7. O-O {[%emt 0:06:04] LiveBook: 398 Games} cxd4 {[%emt 0:09:18] E15: Queen's Indian: 4 g3 sidelines, 4 g3 Ba6 and 4 g3 Bb7 early deviations} 8. Rd1 {[%emt 0:09:01]} (8. Nxd4 Bxg2 9. Kxg2 Qc8 10. Rd1 Qb7+ 11. f3 Bc5 12. Nc3 O-O 13. Bg5 Ng4 14. Ne4 h6 15. Bc1 Be7 16. Nb5 Ne5 17. Bf4 Ng6 18. Bd6 {0-1 (55) Nikolic,P (2603)-Navara,D (2734) Berlin 2015}) 8... Qc8 $146 {[%emt 0:03:03]} ({Predecessor:} 8... a6 9. Nxd4 Bxg2 10. Kxg2 Qc7 11. Nc3 Be7 12. f3 Qb7 13. Bg5 h6 14. Bxf6 Bxf6 15. Ne4 Be7 16. Rd3 {½-½ (16) Postny,E (2434)-Csom,I (2478) Budapest 2000}) 9. Rxd4 {[%emt 0:12:30]} Bc5 {[%emt 0:03:55]} 10. Rd1 {[%emt 0:00:14]} Ne4 {[%emt 0:13:08]} 11. e3 {[%emt 0:00:49]} O-O {[%emt 0:02:47]} 12. Nbd2 {[%emt 0:01:19]} Be7 {[%emt 0:16:17]} 13. Qc2 {[%emt 0:04:26]} Nf6 {[%emt 0:03:04]} 14. a3 {[%emt 0:05:22]} d6 {[%emt 0:05:05]} (14... b5 $5) 15. b4 {[%emt 0:04:32]} Nbd7 {[%emt 0:01:17]} 16. Bb2 {[%emt 0:00:36]} Qc7 {[%emt 0:01:47]} 17. Rac1 {[%emt 0:01:46]} Rac8 {[%emt 0:00:22]} 18. Qa4 {[%emt 0:03:57]} Qb8 {[%emt 0:04:10]} 19. Qb3 {[%emt 0:04:03]} Qa8 {[%emt 0:00:46]} 20. Qd3 {[%emt 0:01:33]} Rc7 {[%emt 0:05:55]} 21. Qe2 {[%emt 0:00:56]} Rfc8 {[%emt 0:02:43]} 22. Nb3 {[%emt 0:01:14]} Ne5 {[%emt 0:06:00]} 23. Bxe5 {[%emt 0:06:33]} dxe5 {[%emt 0:00:02]} 24. Ne1 {[%emt 0:01:07]} (24. Nbd2 $15) 24... Bxg2 {[%emt 0:00:15]} 25. Nxg2 {[%emt 0:00:04]} a5 {[%emt 0:01:22]} 26. Qb2 {[%emt 0:02:25]} (26. c5 $17 {was worth a try.}) 26... axb4 {[%emt 0:00:45]} 27. axb4 {[%emt 0:00:07]} Qa4 {[%emt 0:03:36]} ({But not} 27... Bxb4 28. Qxe5 Qa2 29. Rd8+ Rxd8 30. Qxc7 $17) 28. Nd2 {[%emt 0:01:55]} Rd7 {[%emt 0:06:15]} 29. Ne1 {[%emt 0:08:32]} Qxb4 {[%emt 0:00:46]} 30. Qc2 {[%emt 0:01:55]} Rcd8 {[%emt 0:01:35]} 31. Rb1 {[%emt 0:01:55]} Qc5 {[%emt 0:02:07]} ({Of course not} 31... Rxd2 $6 32. Rxb4 Rxd1 33. Rb1 $11) 32. Nb3 {[%emt 0:01:08]} Qc7 {[%emt 0:00:28]} 33. Rdc1 {[%emt 0:00:40]} (33. Rxd7 $17 {might work better.} Nxd7 34. Nf3) 33... g6 {[%emt 0:00:21]} 34. Nf3 {[%emt 0:00:27]} Ba3 {[%emt 0:00:37]} 35. Re1 {[%emt 0:00:26]} Bb4 {[%emt 0:00:24]} 36. Rf1 {[%emt 0:00:49]} e4 {[%emt 0:00:38]} 37. Nfd4 {[%emt 0:00:07]} (37. Qb2 $17) 37... Bc5 {[%emt 0:00:37]} 38. Qc3 {[%emt 0:01:27]} Qe5 {[%emt 0:00:15]} 39. h3 {[%emt 0:01:13]} Ra8 {[%emt 0:00:40]} 40. Qc2 {[%emt 0:00:58]} Qh5 {[%emt 0:30:34]} 41. Kg2 {[%emt 0:30:10]} e5 {[%emt 0:00:32]} 42. Ne2 {[%emt 0:00:53]} (42. Nxc5 $17 bxc5 43. Nb3) 42... Rad8 {[%emt 0:00:31]} (42... Qf3+ $19 {has better winning chances.} 43. Kg1 Bb4) 43. g4 {[%emt 0:01:15]} Qg5 {[%emt 0:00:35]} 44. Ng3 $1 {[%emt 0:00:11]} Rd3 {[%emt 0:00:28]} 45. Rfd1 {[%emt 0:00:22] [#]} (45. Rbd1 $11 Nxg4 46. hxg4 Qxg4 47. Rxd3 exd3 48. Qc3) 45... Qh4 {[%emt 0:00:33]} ({Better is} 45... Bxe3 $1 $17 {[%mdl 512]} 46. fxe3 Qxe3 47. Rxd3 Rxd3) 46. Nd2 $1 {[%emt 0:00:53]} h5 {[%emt 0:00:23]} 47. Ndxe4 {[%emt 0:00:30]} Rxd1 {[%emt 0:00:22]} 48. Rxd1 {[%emt 0:01:12]} Nxe4 {[%emt 0:00:28]} 49. Rxd8+ {[%emt 0:01:36]} Qxd8 {[%emt 0:00:03]} 50. Qxe4 {[%emt 0:00:16]} hxg4 {[%emt 0:00:20]} 51. hxg4 {[%emt 0:00:15]} Qf6 {[%emt 0:00:27]} 52. Qa8+ Kg7 53. Ne4 Qe6 54. g5 Qg4+ $11 1-0

[Event "21st Alekhine FIDE 2017"]
[Site "Voronezh"]
[Date "2017.06.16"]
[Round "5"]
[White "Chekletsov, Egor"]
[Black "Sokolovsky, Victor"]
[Result "1/2-1/2"]
[WhiteElo "2070"]
[BlackElo "1896"]
[Annotator "NA"]
[PlyCount "93"]
[EventDate "2017.??.??"]
[EventType "swiss"]
[EventCountry "RUS"]
[SourceTitle "playchess.com"]
[Source "ChessBase"]
[SourceQuality "1"]
[TimeControl "40/5400+30:1800+30"]

{[%evp 8,93,31,22,34,32767,-20,-37,8,5,7,14,8,-34,-14,-51,-58,-104,-41,-46,-37,-22,-3,-9,25,-25,-4,-12,-28,-92,-12,-60,-37,-31,-45,-60,-39,-56,-64,-71,0,0,27,0,10,0,0,-11,15,18,9,14,32767,32767,32767,0,22,0,24,0,49,0,39,19,32767,32767,27,0,32767,32767,32767,32767,32767,32767,0,0,0,0,32767,32767,0,0,0,0,0,0,0,0]} 1. d4 {[%emt 0:00:00]} d5 {[%emt 0:00:41]} 2. c4 {[%emt 0:00:00]} e6 {[%emt 0:00:17]} 3. Nc3 {[%emt 0:00:05]} c5 {[%emt 0:00:21]} 4. cxd5 {[%emt 0:00:27]} cxd4 {[%emt 0:01:33]} 5. Qxd4 {[%emt 0:00:37]} Nc6 {[%emt 0:00:40]} 6. Qa4 {[%emt 0:02:13]} exd5 {[%emt 0:01:11]} 7. Nf3 {[%emt 0:02:43] D32: Tarrasch Defence: Sidelines and lines without g3} Nf6 {[%emt 0:01:43]} (7... d4 $15 8. Nb5 Nf6 (8... Bb4+ 9. Bd2 Bxd2+ 10. Nxd2 Nge7 11. g3 O-O 12. Bg2 a6 13. Na3 Bg4 14. h3 Bh5 {1-0 (77) Harika,D (2512)-Cramling,P (2516) Beijing 2012})) 8. Bg5 {[%emt 0:01:52]} Bb4 {[%emt 0:02:06]} 9. e3 {[%emt 0:03:40]} O-O {[%emt 0:02:41]} 10. Be2 $146 {[%emt 0:03:19]} ({Predecessor:} 10. Rd1 h6 11. Bh4 g5 12. Bg3 Ne4 13. Be5 Qe7 14. a3 Bxc3+ 15. Bxc3 Nxc3 16. bxc3 {0-1 (43) Prestel,O (2130)-Weigand,B (2292) Lauffen am Neckar 2011}) 10... d4 {[%emt 0:09:27]} 11. exd4 {[%emt 0:03:58]} Nxd4 {[%emt 0:07:51]} 12. O-O-O {[%emt 0:20:50]} Nxe2+ {[%emt 0:05:09]} ({Black should play} 12... Bxc3 $17 13. Nxd4 Bd7) 13. Nxe2 {[%emt 0:01:03]} Qc7+ {[%emt 0:01:43]} (13... Qe7 $5 {[%cal Re7e2]} 14. Ned4 Qc5+ 15. Kb1 Ne4 $11) 14. Kb1 {[%emt 0:00:45]} Bf5+ {[%emt 0:02:57]} 15. Ka1 {[%emt 0:00:06]} a5 {[%emt 0:04:03]} 16. Ned4 {[%emt 0:04:46]} (16. Bxf6 $5 gxf6 17. Qb5 $11) 16... Bg6 {[%emt 0:02:56]} (16... Bd7 $5 {[%cal Rd7a4]} 17. Qc2 Qxc2 18. Nxc2 Ba4 $11) 17. Bxf6 {[%emt 0:01:43]} gxf6 {[%emt 0:00:11]} 18. g4 {[%emt 0:02:12]} (18. a3 $11 {remains equal.}) 18... Rac8 {[%emt 0:03:07]} (18... Qf4 $17 19. Qb3 Rad8) 19. a3 {[%emt 0:01:26]} Rfd8 {[%emt 0:05:56]} 20. Nf5 {[%emt 0:15:15]} ({Don't blunder} 20. axb4 $2 axb4 21. Rc1 Ra8 $19) 20... b5 {[%emt 0:15:50]} 21. Qb3 {[%emt 0:02:18]} Bf8 {[%emt 0:01:26]} 22. N3d4 {[%emt 0:04:46]} b4 {[%emt 0:04:41]} 23. a4 $1 {[%emt 0:00:11]} Qf4 {[%emt 0:01:07]} (23... Bc5 $15) 24. f3 {[%emt 0:06:47]} Bxf5 {[%emt 0:02:12]} 25. Nxf5 {[%emt 0:00:19]} Rd2 {[%emt 0:00:14]} (25... h5 $5) 26. Qe3 {[%emt 0:02:40]} Qxe3 {[%emt 0:02:34]} 27. Nxe3 {[%emt 0:00:03]} Rcd8 {[%emt 0:00:09]} 28. Rxd2 {[%emt 0:01:17]} Rxd2 {[%emt 0:00:24]} 29. Nc4 {[%emt 0:00:18]} Rd5 {[%emt 0:02:38]} 30. b3 {[%emt 0:00:04]} f5 {[%emt 0:00:47]} 31. Kb1 {[%emt 0:00:37]} Bg7 {[%emt 0:01:04]} (31... Bd6 $5) 32. Kc2 {[%emt 0:00:31]} fxg4 {[%emt 0:01:25]} (32... Be5 $5) 33. fxg4 {[%emt 0:00:04]} h5 {[%emt 0:00:48]} (33... Be5 $5) 34. Rd1 {[%emt 0:02:05]} Rc5 {[%emt 0:02:34]} 35. Rd8+ {[%emt 0:00:15]} Kh7 {[%emt 0:00:10]} 36. Ra8 {[%emt 0:00:05]} hxg4 {[%emt 0:02:10]} 37. Rxa5 {[%emt 0:03:16]} Rxa5 {[%emt 0:01:58]} 38. Nxa5 {[%emt 0:00:05]} Be5 {[%emt 0:00:04]} 39. Kd3 {[%emt 0:00:03]} Bxh2 {[%emt 0:00:49]} 40. Ke2 {[%emt 0:00:03]} f5 {[%emt 0:33:14]} 41. Nc6 {[%emt 0:30:05]} f4 {[%emt 0:00:51]} 42. a5 {[%emt 0:00:31]} f3+ {[%emt 0:03:06]} 43. Kf2 {[%emt 0:00:27]} Bd6 {[%emt 0:00:20]} 44. a6 {[%emt 0:00:41]} Bc5+ {[%emt 0:00:13]} 45. Kg3 {[%emt 0:00:04]} Bd6+ {[%emt 0:00:51]} 46. Kf2 {[%emt 0:02:28]} Bc5+ {[%emt 0:00:33]} 47. Kg3 $11 {[%emt 0:01:15]} 1/2-1/2